Discurso pronunciado por el Comandante en Jefe (...) en la sesión de apertura de los Congresos de Pediatría Cuba-84. Congresos de Pediatría Cuba-84 Fidel Castro (Discurso-11 de noviembre de 1984)

Na minha lista:
Detalhes bibliográficos
Autor principal: Castro Ruz, Fidel
Formato: Texto
Publicado em: La Habana: Editora Política
Assuntos:
Tags: Adicionar Tag
Sem tags, seja o primeiro a adicionar uma tag!

MARC

LEADER 00000 a a2200000 04500
001 14563
003
040
090 |a 014000  
100 |a Castro Ruz, Fidel  
245 |a Discurso pronunciado por el Comandante en Jefe (...) en la sesión de apertura de los Congresos de Pediatría Cuba-84. Congresos de Pediatría Cuba-84 Fidel Castro (Discurso-11 de noviembre de 1984)  
260 |a La Habana:   |b Editora Política  
300 |a 53 p.  
650 |a PEDIATRIA  
999 |c 11981  |d 11981